Maths rapides n°2 - Statistiques

Statistiques générales
  • Ce quiz a été pris 1 584 fois
    1 427 depuis la dernière actualisation
  • Le résultat moyen est 9 sur 10
Statistiques - réponses
Questions Réponses % Correct
38,9:10= 3,89
94%
88-77-7= 4
94%
20:2= 10
90%
(12+3):10= 1,5
90%
3:2= 1,5
90%
10:2= 5
90%
345= 345
88%
12+3+5+5+7+8= 40
88%
5:2= 2,5
87%
12:1000= 0,0012
83%
Aucun quiz correspondant
Distribution des résultats
% des personnes avec chaque résultat
Percentile par nombre de réponses
Votre historique - résultats
Vous n’avez pas pris ce quiz depuis la dernière actualisation